[Event "♥HERO CUP♥《★2015★》 (knockout) 10day+1day/move"]
[Site "SchemingMind.com"]
[Date "2014.11.05"]
[Round "-"]
[White "mmccaffe"]
[Black "Abstract Actuary"]
[Result "1-0"]
[WhiteCountry "USA"]
[BlackCountry "USA"]
[WhiteElo "1690"]
[WhiteRD "57"]
[BlackElo "1819"]
[BlackRD "79"]
[GameID "368417"]

1. c4 Nf6 2. Nc3 e6 3. g3 Bb4 4. Qc2 c5 5. a3 Ba5 6. Bg2 Nc6 7. e3 Qc7 8. Nge2 O-O 9. O-O Rd8 10. b3 d5
11. cxd5 exd5 12. d4 b6 13. Nb5 Qe7 14. Bb2 Ba6 15. a4 Rac8 16. Qf5 cxd4 17. Nexd4 Nxd4 18. Bxd4 Ne4 19. Rfc1 g6 20. Qf3 Bxb5
21. axb5 Nd2 22. Qd1 Qb4 23. Rxc8 Rxc8 24. Bxd5 Qxb5 25. Qg4 Re8 26. Bg2 Qxb3 27. Qg5 Qe6 28. Bd5 Qd6 29. Rc1 Rd8 30. Bg2 Qf8
31. Qf6 Rxd4 32. exd4 Nb3 33. Rc7 Qb8 34. Qxf7+ Kh8 35. Qxh7#
1-0

[Event "♥HERO CUP♥《★2015★》 (knockout) 10day+1day/move"]
[Site "SchemingMind.com"]
[Date "2014.11.05"]
[Round "-"]
[White "Abstract Actuary"]
[Black "mmccaffe"]
[Result "1/2-1/2"]
[WhiteCountry "USA"]
[BlackCountry "USA"]
[WhiteElo "1819"]
[WhiteRD "79"]
[BlackElo "1690"]
[BlackRD "57"]
[GameID "368418"]

1. e4 e6 2. d4 d5 3. e5 c5 4. Nf3 Nc6 5. Be3 Qb6 6. Qc1 cxd4 7. Nxd4 Nxd4 8. c3 Bc5 9. cxd4 Bb4+ 10. Nc3 Bd7
11. a3 Bxc3+ 12. bxc3 Rc8 13. Qd2 Qb3 14. Bd3 Qxc3 15. O-O Qxd2 16. Bxd2 Ne7 17. Rfb1 b6 18. Ba6 Rc7 19. Bb4 Nf5 20. Rd1 Bc8
21. Bb5+ Bd7 22. Ba6 Bc8 23. Bb5+ Bd7=
1/2-1/2

[Event "♥HERO CUP♥《★2015★》 (knockout) 10day+1day/move"]
[Site "SchemingMind.com"]
[Date "2014.11.18"]
[Round "-"]
[White "kenneth m day"]
[Black "idrum"]
[Result "1-0"]
[WhiteCountry "USA"]
[BlackCountry "USA"]
[WhiteElo "1712"]
[WhiteRD "48"]
[BlackElo "1551"]
[BlackRD "74"]
[GameID "369155"]

1. e4 c5 2. d4 cxd4 3. c3 dxc3 4. Nxc3 Nc6 5. Nf3 d6 6. Bc4 a6 7. Bg5 Qa5 8. O-O Ne5 9. Nxe5 dxe5 10. Qf3 e6
11. Rfd1 Be7 12. Bxe7 Nxe7 13. Rac1 O-O 14. Qh5 b6 15. Bb3 Ra7 16. Rd3 Qc5 17. Rh3 Rd8 18. Qxh7+ Kf8 19. Qh8+ Ng8 20. Rh7 Rd2
21. Qxg7+ Ke7 22. Qxf7+
1-0

[Event "♥HERO CUP♥《★2015★》 (knockout) 10day+1day/move"]
[Site "SchemingMind.com"]
[Date "2014.11.18"]
[Round "-"]
[White "idrum"]
[Black "kenneth m day"]
[Result "1-0"]
[WhiteCountry "USA"]
[BlackCountry "USA"]
[WhiteElo "1574"]
[WhiteRD "76"]
[BlackElo "1691"]
[BlackRD "48"]
[GameID "369156"]

1. e4 e5 2. Nf3 Nc6 3. Bb5 d6 4. d4 Bd7 5. Nc3 exd4 6. Nxd4 Nf6 7. O-O Be7 8. Bxc6 Bxc6 9. Nxc6 bxc6 10. Qf3 O-O
11. Bf4 Re8 12. Rfd1 Qd7 13. e5 Nd5 14. Bg3 Nxc3 15. Qxc3 d5 16. Bf4 Rab8 17. Rd3 Bb4 18. Qd4 c5 19. Qxd5 Qf5 20. Qc4 Qe6
21. Qxe6 Rxe6 22. Rad1 f6 23. Rd8+ Rxd8 24. Rxd8+ Kf7 25. Rd7+ Re7 26. Rxe7+ Kxe7 27. Be3 fxe5 28. a3 Ba5 29. Bxc5+ Ke6 30. Bxa7 Kd5
31. Be3 c5 32. b3 Bc3 33. h4 Ba5 34. Kf1 g6 35. Ke2 e4 36. g4 Bc3 37. Bd2 Bd4 38. c4+ Kc6 39. g5 Kb6 40. Bc1 Ka5
41. Be3 Kb6 42. f3 exf3+ 43. Kxf3 Be5 44. Bf2 Bb2 45. a4 Bc3 46. Ke4 Bd2 47. Kd5 Bb4 48. Kd6 Ba3 49. Ke6 Ka5 50. Kf7 Kb4
51. Kg7 Kxb3 52. Kxh7 Kxc4 53. Kxg6 Kb4 54. Kf7 c4 55. g6 Bb2 56. g7 Bxg7 57. Be1+ Bc3 58. Bxc3+ Kxc3 59. a5 Kd3 60. a6 c3
61. a7 c2 62. a8=Q c1=Q 63. Qd5+ Ke2 64. Qe4+ Kf2 65. Qd4+ Kg3 66. Kg7 Qc7+ 67. Kg6 Qc6+ 68. Qf6 Qe8+ 69. Kh6 Qe4 70. h5 Qe8
71. Qg6+
1-0

[Event "♥HERO CUP♥《★2015★》 (knockout) 10day+1day/move"]
[Site "SchemingMind.com"]
[Date "2014.11.22"]
[Round "-"]
[White "John Hamer"]
[Black "ray winteringham"]
[Result "1-0"]
[WhiteCountry "ENG"]
[BlackCountry "ENG"]
[WhiteElo "2039"]
[WhiteRD "55"]
[BlackElo "1541"]
[BlackRD "52"]
[GameID "369374"]

1. e4 e5 2. Nf3 Nc6 3. Bc4 h6 4. O-O Nf6 5. Nc3 Bb4 6. d3 Nd4 7. Nxe5 Ne6 8. Nd5 O-O 9. Nxb4 d6 10. Nf3 c6
11. c3 c5 12. Nc2 Bd7 13. e5 dxe5 14. Nxe5 b5 15. Bb3 Ng5 16. f4 Ngh7 17. Be3 Qb8 18. Bxc5 Rd8 19. Bxf7+
1-0

[Event "♥HERO CUP♥《★2015★》 (knockout) 10day+1day/move"]
[Site "SchemingMind.com"]
[Date "2014.11.22"]
[Round "-"]
[White "ray winteringham"]
[Black "John Hamer"]
[Result "0-1"]
[WhiteCountry "ENG"]
[BlackCountry "ENG"]
[WhiteElo "1541"]
[WhiteRD "52"]
[BlackElo "2039"]
[BlackRD "55"]
[GameID "369375"]

1. e4 e5 2. Nf3 Nc6 3. Bb5 a6 4. Ba4 d6 5. Bxc6+ bxc6 6. d4 exd4 7. Nxd4 Bd7 8. Be3 Nf6 9. Nc3 Ng4 10. f3 Nxe3
11. Qe2 Qh4+ 12. g3 Qh6 13. f4 Ng4 14. Nxc6 Bxc6 15. Qxg4 Bd7 16. Qf3 c6 17. O-O O-O-O 18. Na4 Bh3 19. e5 dxe5 20. Qxc6+ Qxc6
0-1

[Event "♥HERO CUP♥《★2015★》 (knockout) 10day+1day/move"]
[Site "SchemingMind.com"]
[Date "2014.11.23"]
[Round "-"]
[White "VADERVADER"]
[Black "fu_manchu"]
[Result "1-0"]
[WhiteCountry "POL"]
[BlackCountry "CAN"]
[WhiteElo "2246"]
[WhiteRD "125"]
[BlackElo "1786"]
[BlackRD "75"]
[GameID "369405"]

1. e4 c5 2. Nf3 d6 3. d4 cxd4 4. Nxd4 Nc6 5. Nc3 Nf6 6. Bg5 a6 7. Qd2 Nxd4 8. Qxd4 e5 9. Qa4+ Bd7 10. Bxf6 Qxf6
11. Bb5 Qd8 12. Bxd7+ Qxd7 13. Qb3 Be7 14. Nd5 Bd8 15. O-O O-O 16. Rad1 b5 17. Rd3 f5 18. Nf6+
1-0

[Event "♥HERO CUP♥《★2015★》 (knockout) 10day+1day/move"]
[Site "SchemingMind.com"]
[Date "2014.11.23"]
[Round "-"]
[White "fu_manchu"]
[Black "VADERVADER"]
[Result "0-1"]
[WhiteCountry "CAN"]
[BlackCountry "POL"]
[WhiteElo "1786"]
[WhiteRD "75"]
[BlackElo "2246"]
[BlackRD "125"]
[GameID "369406"]

1. d4 Nf6 2. c4 e6 3. g3 Bb4+ 4. Nd2 c5 5. a3 Bxd2+ 6. Qxd2 cxd4 7. Nf3 Nc6 8. Bg2 e5 9. O-O d6 10. b4 Be6
11. b5 Na5 12. a4 Nb3 13. Qb2 Nxa1 14. Qxa1 Bxc4 15. Re1 O-O 16. Qa3 a6 17. bxa6 Rxa6 18. Qb4 Qc7 19. Bg5 Nd5 20. Qa3 Rfa8
21. Nd2 Rxa4 22. Qc1 Nc3 23. Nxc4 Rxc4 24. Qd2 Ra2 25. Qd3 d5 26. Qf3 e4 27. Qg4 Qc8 28. Qxc8+ Rxc8 29. Rb1 b5 30. Bh3 Rca8
31. Rb4 Rxe2 32. Rxd4 Ra1+ 33. Kg2 Raa2 34. Be3 Rxe3 35. Bg4 Rd3 36. Rxd3 exd3 37. h4 d2 38. Bf3 d1=Q 39. Bxd1 Nxd1 40. Kf3 Rxf2+
0-1

[Event "♥HERO CUP♥《★2015★》 (knockout) 10day+1day/move"]
[Site "SchemingMind.com"]
[Date "2014.11.23"]
[Round "-"]
[White "Scooter"]
[Black "Chessibelle"]
[Result "1-0"]
[WhiteCountry "USA"]
[BlackCountry "ENG"]
[WhiteElo "1761"]
[WhiteRD "48"]
[BlackElo "1223"]
[BlackRD "58"]
[GameID "369433"]

1. d4 d5 2. Nf3 Nf6 3. Bf4 Nc6 4. e3 Bg4 5. Be2 Ne4 6. Nbd2 Bf5 7. c3 Nd6 8. Nh4 e6 9. Nxf5 Nxf5 10. O-O Be7
11. h3 g5 12. Bh2 h6 13. Bd3 f6 14. Bxf5 exf5 15. Qc2 Qd7 16. a3 O-O 17. c4 Bd8 18. cxd5 Qxd5 19. b4 b5 20. Rac1 Rc8
21. Qxc6 Qa2 22. Rfd1 Qxa3 23. Qe6+ Kg7 24. Qxc8 Qxb4 25. Bxc7 Be7 26. Qxf5 Kf7 27. Be5 a5 28. Rc7 a4 29. Rb1 Qxd2 30. Qxf6+ Ke8
31. Qxe7#
1-0

[Event "♥HERO CUP♥《★2015★》 (knockout) 10day+1day/move"]
[Site "SchemingMind.com"]
[Date "2014.11.23"]
[Round "-"]
[White "Chessibelle"]
[Black "Scooter"]
[Result "0-1"]
[WhiteCountry "ENG"]
[BlackCountry "USA"]
[WhiteElo "1223"]
[WhiteRD "58"]
[BlackElo "1761"]
[BlackRD "48"]
[GameID "369434"]

1. Nf3 Nf6 2. d4 g6 3. Nc3 Bg7 4. e3 O-O 5. Bd2 d6 6. Bd3 Bg4 7. O-O Nbd7 8. h3 Bxf3 9. Qxf3 e5 10. Qxb7 c5
11. Nd5 cxd4 12. e4 Nxd5 13. Qxd5 Nf6 14. Qc4 Rc8 15. Qb3 Qd7 16. c3 dxc3 17. bxc3 Qc6 18. f3 d5 19. Be3 Qxc3 20. Qd1 dxe4
21. fxe4 Nxe4 22. Rf3 Rfd8 23. Qa4 Rxd3 24. Raf1 f5 25. Qxa7 Nd2 26. Kh2 Nxf1+ 27. Rxf1 Rxe3 28. Rg1 e4 29. Qb7 Be5+ 30. Kh1 Rxh3+
0-1

[Event "♥HERO CUP♥《★2015★》 (knockout) 10day+1day/move"]
[Site "SchemingMind.com"]
[Date "2014.11.27"]
[Round "-"]
[White "bobbassbone"]
[Black "eun77"]
[Result "1-0"]
[WhiteCountry "ENG"]
[BlackCountry "ISR"]
[WhiteElo "1566"]
[WhiteRD "60"]
[BlackElo "1409"]
[BlackRD "60"]
[GameID "369527"]

1. d4 d5 2. Bf4 e6 3. c3 h6 4. e3 Bd6 5. Bg3 Bxg3 6. hxg3 Nf6 7. Nf3 O-O 8. Nbd2 Nh7 9. Bd3 f5 10. Ne5 Qe8
11. g4 Nc6 12. gxf5 Nxe5 13. dxe5 exf5 14. Nf3 Be6 15. Qb3 b6 16. Qc2 c6 17. g4 g6 18. gxf5 Bxf5 19. Bxf5 Rxf5 20. Ke2 h5
21. Rag1 Kf7 22. Nh4 Qe6 23. Nxf5 gxf5 24. Rxh5 Rg8 25. Rxh7+ Kf8 26. Rxg8+ Kxg8 27. Rxa7 Qxe5 28. Ra6 Qe6 29. Rxb6 Qg6 30. Qa4 Qh5+
31. Kd3 Qe8 32. Qxc6 Qe4+ 33. Kd2 Qe5 34. Qe6+ Qxe6 35. Rxe6
1-0

[Event "♥HERO CUP♥《★2015★》 (knockout) 10day+1day/move"]
[Site "SchemingMind.com"]
[Date "2014.11.25"]
[Round "-"]
[White "eun77"]
[Black "bobbassbone"]
[Result "0-1"]
[WhiteCountry "ISR"]
[BlackCountry "ENG"]
[WhiteElo "1409"]
[WhiteRD "60"]
[BlackElo "1566"]
[BlackRD "60"]
[GameID "369528"]

1. c4 c6 2. d3 d5 3. cxd5 cxd5 4. e3 Nf6 5. h3 Bd7 6. Nf3 e6 7. Be2 Bb4+ 8. Bd2 Bxd2+ 9. Nbxd2 Nc6 10. O-O Rc8
11. Nh2 Qb6 12. b3 O-O 13. Ng4 Nxg4 14. Bxg4 Ne5 15. d4 Nxg4 16. Qxg4 Rc7 17. Qe2 Bb5 18. Rfe1 Bxe2 19. Rxe2 Rc2 20. Kf1 Rfc8
21. a4 Rc1+ 22. Rxc1 Rxc1+ 23. Re1 Rxe1+ 24. Kxe1 Kf8 25. Ke2 Ke7 26. f4 Kd6 27. Kf3 Qb4 28. Ke2 b5 29. g4 bxa4 30. bxa4 Qxa4
31. f5 e5 32. dxe5+ Kc5 33. Ke1 a5 34. Ke2 Qb5+ 35. Kd1 a4 36. e6 fxe6 37. fxe6 Qe8
0-1

[Event "♥HERO CUP♥《★2015★》 (knockout) 10day+1day/move"]
[Site "SchemingMind.com"]
[Date "2014.11.26"]
[Round "-"]
[White "Helga1946"]
[Black "Ramesh Panwar"]
[Result "0-1"]
[WhiteCountry "GER"]
[BlackCountry "IND"]
[WhiteElo "2150"]
[WhiteRD "78"]
[BlackElo "2279"]
[BlackRD "51"]
[GameID "369578"]

1. e4 c5 2. Nf3 d6 3. d4 cxd4 4. Nxd4 Nf6 5. Nc3 a6 6. Bg5 e6 7. f4 Be7 8. Qf3 e5 9. Nf5 Bxf5 10. exf5 Nc6
11. O-O-O Nd4 12. Qxb7 O-O 13. h4 Rb8 14. Qxa6 Qd7 15. fxe5 dxe5 16. Bxf6 Bxf6 17. Bd3 Ra8 18. Qc4 Rfc8 19. Qd5 Qc7 20. Rd2 Ra5
21. Qe4 Ra3 22. Rf2 Rxc3 23. bxc3 Qxc3 24. Rff1 Be7 25. f6 Ba3+ 26. Kd1 g6 27. Rh3 Rd8 28. Qxe5 Qa1+ 29. Kd2 Bb4+ 30. Ke3 Nxc2+
0-1

[Event "♥HERO CUP♥《★2015★》 (knockout) 10day+1day/move"]
[Site "SchemingMind.com"]
[Date "2014.11.26"]
[Round "-"]
[White "Ramesh Panwar"]
[Black "Helga1946"]
[Result "1-0"]
[WhiteCountry "IND"]
[BlackCountry "GER"]
[WhiteElo "2279"]
[WhiteRD "51"]
[BlackElo "2150"]
[BlackRD "78"]
[GameID "369579"]

1. d4 Nf6 2. c4 e6 3. Nc3 Bb4 4. e3 O-O 5. Bd3 d5 6. Nf3 c5 7. O-O cxd4 8. exd4 dxc4 9. Bxc4 Nc6 10. a3 Be7
11. Re1 Qb6 12. Be3 Ng4 13. d5 Nxe3 14. Rxe3 Na5 15. Be2 Qxb2 16. Rb1 Qxa3 17. Ne4 Qa2 18. d6 Bd8 19. Nc3 Qa3 20. Na4 Qa2
21. Rb2 Qd5 22. Rd2 Qf5 23. d7 Nc6 24. Rb3 b6 25. dxc8=Q Rxc8 26. Ba6 Rc7 27. Nc3 Bf6 28. Nb5 Re7 29. Nd6 Qh5 30. Be2 Qh6
31. Rc2 Na5 32. Re3 Qf4 33. g3 Qb4 34. Ne4 Qxe4 35. Rxe4
1-0

[Event "♥HERO CUP♥《★2015★》 (knockout) 10day+1day/move"]
[Site "SchemingMind.com"]
[Date "2014.11.27"]
[Round "-"]
[White "Adrian Grajczak"]
[Black "lemme howdt"]
[Result "1-0"]
[WhiteCountry "POL"]
[BlackCountry "USA"]
[WhiteElo "2175"]
[WhiteRD "81"]
[BlackElo "1557"]
[BlackRD "73"]
[GameID "369615"]

1. e4 e5 2. Nf3 Nc6 3. Bb5 a6 4. Ba4 Nf6 5. d3 Bc5 6. O-O d6 7. c3 Bg4 8. Nbd2 b5 9. Bc2 O-O 10. h3 Be6
11. Qe2 h6 12. Rd1 a5 13. Nf1 b4 14. d4 exd4 15. cxd4 Bxh3 16. dxc5 Bg4 17. Bf4 Re8 18. cxd6 cxd6 19. Rxd6 Qc7 20. Bh2 Qb7
21. e5 Nxe5 22. Bxe5 Bxf3 23. gxf3 Rac8 24. Bf5 Rc5 25. f4 Nh5 26. Qxh5
1-0

[Event "♥HERO CUP♥《★2015★》 (knockout) 10day+1day/move"]
[Site "SchemingMind.com"]
[Date "2014.11.27"]
[Round "-"]
[White "lemme howdt"]
[Black "Adrian Grajczak"]
[Result "0-1"]
[WhiteCountry "USA"]
[BlackCountry "POL"]
[WhiteElo "1515"]
[WhiteRD "76"]
[BlackElo "2208"]
[BlackRD "76"]
[GameID "369616"]

1. e4 c5 2. Nf3 Nc6 3. b3 d6 4. Bb2 e5 5. Bb5 Bd7 6. O-O g6 7. Nc3 Bg7 8. Nd5 Nge7 9. Nxe7 Qxe7 10. Qe2 O-O
11. h3 a6 12. Bxc6 Bxc6 13. d3 f5 14. Rfe1 f4 15. c4 g5 16. Nh2 Bd7 17. Qf3 Qf7 18. a3 h5 19. Qe2 Qg6 20. f3 Be6
21. Bc3 b5 22. Rab1 Ra7 23. Ba5 Bf6 24. Bc3 Rb7 25. Rb2 b4 26. axb4 cxb4 27. Bd2 Bd8 28. Ra2 a5 29. Rc1 Bb6+ 30. Kf1 Qh6
31. Be1 g4 32. fxg4 f3 33. gxf3 Qxc1 34. Qg2 hxg4 35. hxg4 Qe3 36. Bf2 Qxd3+ 37. Kg1 Qb1+
0-1

[Event "♥HERO CUP♥《★2015★》 (knockout) 10day+1day/move"]
[Site "SchemingMind.com"]
[Date "2014.12.04"]
[Round "-"]
[White "bartleby en passant"]
[Black "Simon Green"]
[Result "1-0"]
[WhiteCountry "IRL"]
[BlackCountry "ENG"]
[WhiteElo "1511"]
[WhiteRD "121"]
[BlackElo "1636"]
[BlackRD "55"]
[GameID "370645"]

1. d4 e6 2. c4 d5 3. c5 c6 4. b4 Nf6 5. Bg5 Be7 6. Nc3 b5 7. g3 a5 8. Qb3 a4 9. Qc2 g6 10. Nf3 Nbd7
11. Bh3 Nh5 12. Bh6 Qc7 13. g4 Nhf6 14. g5 Nh5 15. Bg4 f5 16. gxf6 Ndxf6 17. Bxh5 Nxh5 18. O-O-O Bd7 19. Ne5 O-O-O 20. Nf7 Rhg8
21. Nxd8 Kxd8 22. e3 Nf6 23. Bf4 Qc8 24. a3 Nh5 25. Bh6 g5 26. Qxh7 Nf6 27. Qc2 Ng4 28. Qh7 Nxf2 29. Qxg8+ Be8 30. Bxg5 Nxd1
31. Bxe7+ Kxe7 32. Nxd1 Qd7 33. Qg7+
1-0

[Event "♥HERO CUP♥《★2015★》 (knockout) 10day+1day/move"]
[Site "SchemingMind.com"]
[Date "2014.12.04"]
[Round "-"]
[White "Simon Green"]
[Black "bartleby en passant"]
[Result "1-0"]
[WhiteCountry "ENG"]
[BlackCountry "IRL"]
[WhiteElo "1636"]
[WhiteRD "55"]
[BlackElo "1511"]
[BlackRD "121"]
[GameID "370646"]

1. d4 d5 2. e3 Nf6 3. Bd3 e6 4. f4 Ne4 5. Nf3 c6 6. Nbd2 Nxd2 7. Bxd2 Be7 8. O-O Nd7 9. Qe1 h6 10. Qg3 g6
11. Ne5 Nxe5 12. fxe5 Rf8 13. Bxg6 fxg6 14. Qxg6+ Kd7 15. Qxh6 b6 16. Qh7 Rh8 17. Qd3 Bb7 18. Rf7 Rf8 19. Raf1 Rxf7 20. Rxf7 Qg8
21. Qh7 Qxh7 22. Rxh7 Rf8 23. h4 Rg8 24. Bb4 Re8 25. h5 Kd8 26. h6 Bxb4 27. Rxb7 Rh8 28. Rb8+
1-0

[Event "♥HERO CUP♥《★2015★》 (knockout) 10day+1day/move"]
[Site "SchemingMind.com"]
[Date "2014.12.06"]
[Round "-"]
[White "simpet"]
[Black "Phillip Beckett"]
[Result "1/2-1/2"]
[WhiteCountry "ENG"]
[BlackCountry "ENG"]
[WhiteElo "1646"]
[WhiteRD "61"]
[BlackElo "1567"]
[BlackRD "49"]
[GameID "370766"]

1. e4 e5 2. Bc4 Nf6 3. d3 Be7 4. Nf3 d6 5. O-O O-O 6. Nc3 Nc6 7. a3 Bg4 8. h3 Be6 9. Bxe6 fxe6 10. Ng5 Qd7
11. f4 exf4 12. Bxf4 e5 13. Be3 h6 14. Nf3 Nh7 15. Nd5 Nf6 16. Nxf6+ Bxf6 17. Qd2 Qe8 18. Nh2 Qg6 19. Rf3 Bg5 20. Rxf8+ Rxf8
21. Bxg5 hxg5 22. Nf3 g4 23. hxg4 Qxg4 24. Qg5 Qxg5 25. Nxg5 Nd4 26. c3 Ne2+ 27. Kh2 Rf2 28. Ne6 Nf4 29. Nxf4 Rxf4 30. Kg1 g5
31. Rf1 Rxf1+ 32. Kxf1 Kg7 33. g4 Kg6= 34. Kf2 Kf6 35. c4 c5 36. Ke3 a5 37. a4 b6= 38. b3 Kg6=
1/2-1/2

[Event "♥HERO CUP♥《★2015★》 (knockout) 10day+1day/move"]
[Site "SchemingMind.com"]
[Date "2014.12.06"]
[Round "-"]
[White "Phillip Beckett"]
[Black "simpet"]
[Result "1-0"]
[WhiteCountry "ENG"]
[BlackCountry "ENG"]
[WhiteElo "1567"]
[WhiteRD "49"]
[BlackElo "1646"]
[BlackRD "61"]
[GameID "370767"]

1. e4 e5 2. Nf3 Nc6 3. Bb5 Bc5 4. c3 d6 5. d3 Ne7 6. O-O a6 7. Ba4 Bd7 8. Nbd2 O-O 9. Bc2 Ng6 10. Re1 Nf4
11. Nf1 f5 12. exf5 Rxf5 13. d4 Rh5 14. dxc5 Qf6 15. cxd6 cxd6 16. Ng3 Rh6 17. Bxf4 exf4 18. Qd5+ Kh8 19. Ne4 Qf8 20. Neg5 Ne5
21. Nxe5
1-0

[Event "♥HERO CUP♥《★2015★》 (knockout) 10day+1day/move"]
[Site "SchemingMind.com"]
[Date "2014.12.07"]
[Round "-"]
[White "palberto63"]
[Black "Teagy"]
[Result "1-0"]
[WhiteCountry "CUB"]
[BlackCountry "ENG"]
[WhiteElo "2267"]
[WhiteRD "69"]
[BlackElo "1800"]
[BlackRD "90"]
[GameID "370876"]

1. d4 e6 2. c4 Nf6 3. Nf3 c5 4. d5 exd5 5. cxd5 d6 6. Nc3 g6 7. e4 Bg7 8. Be2 O-O 9. O-O a6 10. a4 Bg4
11. Bf4 Bxf3 12. Bxf3 Qc7 13. Rc1 Nbd7 14. a5 b5 15. axb6 Nxb6 16. e5 Ne8 17. exd6 Qd7 18. Ne4 c4 19. b3 Rc8 20. Be3 f5
21. Nc5 Qxd6 22. Nb7 Qb4 23. d6 Nf6 24. Bxb6 Qxb6 25. bxc4 Bh6 26. Rb1 Qa7 27. c5 Ne4 28. Qd5+ Kh8 29. Bxe4 fxe4 30. d7
1-0

[Event "♥HERO CUP♥《★2015★》 (knockout) 10day+1day/move"]
[Site "SchemingMind.com"]
[Date "2014.12.07"]
[Round "-"]
[White "Teagy"]
[Black "palberto63"]
[Result "0-1"]
[WhiteCountry "ENG"]
[BlackCountry "CUB"]
[WhiteElo "1800"]
[WhiteRD "90"]
[BlackElo "2267"]
[BlackRD "69"]
[GameID "370877"]

1. e4 c5 2. Nc3 d6 3. d3 Nc6 4. g3 g6 5. Bg2 Bg7 6. f4 e6 7. Nf3 Nge7 8. O-O O-O 9. Rb1 b6 10. Ne2 d5
11. e5 Bb7 12. g4 f6 13. exf6 Bxf6 14. Ng3 Nd4 15. c3 Nxf3+ 16. Bxf3 Qd7 17. Qe2 Rae8 18. Be3 Ba6 19. Rbd1 d4 20. Bd2 dxc3
21. Bxc3 Bxc3 22. bxc3 Nd5 23. Bxd5 exd5 24. Qf3 d4 25. Ne4 dxc3 26. Rf2 Qd4 27. Kg2 Bb7 28. Re2 c4 29. Nf6+ Qxf6
0-1

[Event "♥HERO CUP♥《★2015★》 (knockout) 10day+1day/move"]
[Site "SchemingMind.com"]
[Date "2014.12.08"]
[Round "-"]
[White "clario"]
[Black "Paul7926"]
[Result "1-0"]
[WhiteCountry "RSA"]
[BlackCountry "ENG"]
[WhiteElo "1870"]
[WhiteRD "88"]
[BlackElo "1395"]
[BlackRD "83"]
[GameID "370911"]

1. d4 Nf6 2. c4 g6 3. Nc3 Bg7 4. e4 O-O 5. Nge2 d6 6. Ng3 Nc6 7. d5 Ne5 8. h4 c5 9. h5 Bg4 10. f3 Bxh5
11. Be2 Qd7 12. Bg5 e6 13. Bxf6 Bxf6 14. Qd2 a6 15. f4 Bxe2 16. fxe5 Bxe5 17. Ngxe2 b5 18. Qh6 f5 19. dxe6 Qe7 20. Nd5 Bc3+
21. Nexc3 Qg7 22. Qxg7+ Kxg7 23. cxb5 fxe4 24. bxa6 Rxa6 25. e7 Re8 26. Rxh7+ Kxh7 27. Nf6+
1-0

[Event "♥HERO CUP♥《★2015★》 (knockout) 10day+1day/move"]
[Site "SchemingMind.com"]
[Date "2014.12.08"]
[Round "-"]
[White "Paul7926"]
[Black "clario"]
[Result "1-0"]
[WhiteCountry "ENG"]
[BlackCountry "RSA"]
[WhiteElo "1430"]
[WhiteRD "82"]
[BlackElo "1814"]
[BlackRD "89"]
[GameID "370912"]

1. e4 c5 2. Nf3 d6 3. Bc4 Nf6 4. O-O e6 5. d4 cxd4 6. Nxd4 Nxe4 7. Nd2 Nf6 8. N2f3 Be7 9. Bg5 O-O 10. Qe2 Nc6
11. b3 d5 12. Bb5 Nxd4 13. Nxd4 Bd6 14. Rac1 Be7 15. c4 a6 16. Bc6 Bc5 17. Rfd1 Bxd4 18. Rxd4 bxc6 19. Rh4 Re8 20. Bxf6 Qxf6
21. Qh5 h6 22. Re1 e5 23. cxd5 cxd5 24. g3 Bd7 25. f4 Qb6+ 26. Kf1 exf4 27. Rxf4 Bb5+ 28. Kg2
1-0

[Event "♥HERO CUP♥《★2015★》 (knockout) 10day+1day/move"]
[Site "SchemingMind.com"]
[Date "2014.12.14"]
[Round "-"]
[White "VADERVADER"]
[Black "John Hamer"]
[Result "1/2-1/2"]
[WhiteCountry "POL"]
[BlackCountry "ENG"]
[WhiteElo "2289"]
[WhiteRD "108"]
[BlackElo "2053"]
[BlackRD "58"]
[GameID "371373"]

1. e4 c6 2. d4 d5 3. Nd2 dxe4 4. Nxe4 Bf5 5. Ng3 Bg6 6. h4 h6 7. Nf3 Nd7 8. h5 Bh7 9. Bd3 Bxd3 10. Qxd3 e6
11. Bf4 Qa5+ 12. Bd2 Qc7 13. O-O-O Ngf6 14. Kb1 O-O-O 15. Qe2 Bd6 16. Ne4 Nxe4 17. Qxe4 Nf6 18. Qe2 Rhe8 19. c4 c5 20. Bc3 Qc6
21. Rde1 Re7 22. g3 Rc7= 23. Rh4 a6 24. Rd1 cxd4 25. Bxd4 Rcd7 26. b3 Bc7 27. Rd2 Bd6 28. Qe3 Bb4 29. Rd3 Bd6 30. Rc3 Ne8
31. c5 Bc7 32. Rc2 Rd5 33. Rc1 f6 34. Re4 e5 35. Bb2 Kb8 36. Nh4 Rd3 37. Qe1 Rd2 38. Ra4 Qb5 39. Rac4 Ba5 40. Qf1 R2d5
41. Nf5 Bd2 42. Rd1 Rxc5 43. f4 Ba5 44. a4 Rcd5 45. Rxd5 Qxd5 46. fxe5 fxe5 47. Ne3 Qe6 48. Qf5 Rd1+ 49. Kc2 Qxf5+ 50. Nxf5 Rd2+
51. Kc1 Re2 52. Rg4 Bd8 53. Nxg7 Nc7 54. Rg6 Bg5+ 55. Kb1 Re1+ 56. Kc2 Nd5 57. Nf5 Re2+=
1/2-1/2

[Event "♥HERO CUP♥《★2015★》 (knockout) 10day+1day/move"]
[Site "SchemingMind.com"]
[Date "2014.12.14"]
[Round "-"]
[White "John Hamer"]
[Black "VADERVADER"]
[Result "0-1"]
[WhiteCountry "ENG"]
[BlackCountry "POL"]
[WhiteElo "2053"]
[WhiteRD "58"]
[BlackElo "2289"]
[BlackRD "108"]
[GameID "371374"]

1. d4 Nf6 2. c4 e6 3. Nc3 Bb4 4. Qc2 O-O 5. Nf3 c5 6. dxc5 Na6 7. Bd2 Nxc5 8. e3 b6 9. Be2 Bb7 10. O-O Qe7
11. a3 Bxc3 12. Bxc3 Rfc8 13. Rac1 Nce4 14. Bd4 d6 15. b3 e5 16. Bb2 b5 17. Qd1 bxc4 18. Bxc4 a5 19. Nd2 d5 20. Nxe4 Nxe4
21. Bd3 Rxc1 22. Qxc1 f6 23. f3 Rc8 24. Qe1 Nc5 25. Bc2 Ba6 26. Rf2 a4 27. bxa4 Nd3 28. Bxd3 Bxd3 29. a5 Qc5 30. f4 exf4
31. Rxf4 Be4 32. Rf2 Ra8 33. Bc3= Qxa3 34. Rb2 h6 35. Qd2 Rc8 36. Bd4 Rc6 37. Ra2 Qd6 38. Bc3 Qc7 39. Ra3 Qc8 40. Rb3 Kf7
41. Qb2 Rc4 42. h3 Qc5 43. Qd2 Kg6 44. Qe1 Kh7 45. Qd2 Qc7 46. Qc1= Qxa5 47. Qe1 Qc5 48. Bd2 Qd6 49. Bc3 Qc6 50. Bd2 Rc2
51. Rb4 Ra2 52. Rd4 Qc2 53. Qf1 Rb2 54. Kh2 Rb1 55. Qf2 Rd1 56. Kg3 f5 57. h4 Rh1
0-1

[Event "♥HERO CUP♥《★2015★》 (knockout) 10day+1day/move"]
[Site "SchemingMind.com"]
[Date "2014.12.14"]
[Round "-"]
[White "Kent"]
[Black "grabapawn"]
[Result "1-0"]
[WhiteCountry "USA"]
[BlackCountry "USA"]
[WhiteElo "2118"]
[WhiteRD "79"]
[BlackElo "1570"]
[BlackRD "59"]
[GameID "371375"]

1. d4 d5 2. c4 Nf6 3. Nc3 Nc6 4. cxd5 Nxd5 5. e4 Nf6 6. d5 Ne5 7. f4 Ng6 8. f5 Ne5 9. Bf4 Qd6 10. Nf3 g6
11. Bxe5 Qd8 12. Bb5+ Bd7 13. Nd4 a6 14. Bxd7+ Qxd7 15. O-O O-O-O 16. Qb3 Rg8 17. Rac1 Ne8 18. Ncb5 f6 19. Nxc7 fxe5 20. Nxa6+ Nc7
21. Rxc7+ Qxc7 22. Nxc7 Kxc7 23. Rc1+ Kd7 24. Qb5+ Kd6 25. Rc6+ Kd7 26. Rb6+ Kc8 27. Rxb7 e6 28. Qc6#
1-0

[Event "♥HERO CUP♥《★2015★》 (knockout) 10day+1day/move"]
[Site "SchemingMind.com"]
[Date "2014.12.15"]
[Round "-"]
[White "grabapawn"]
[Black "Kent"]
[Result "0-1"]
[WhiteCountry "USA"]
[BlackCountry "USA"]
[WhiteElo "1570"]
[WhiteRD "59"]
[BlackElo "2118"]
[BlackRD "79"]
[GameID "371376"]

1. e4 e6 2. d4 d5 3. Nc3 Bb4 4. Bd3 dxe4 5. Bxe4 Nf6 6. Bd3 c5 7. Bd2 cxd4 8. Ne4 Bxd2+ 9. Qxd2 Nxe4 10. Bxe4 O-O
11. Nf3 e5 12. O-O-O Nd7 13. h4 Nc5 14. Bxh7+ Kxh7 15. Ng5+ Kg8 16. Qe2 Bf5 17. Qxe5 Qc8 18. Rxd4 Nb3+ 19. Kd1 Qxc2+ 20. Ke1 Rae8
21. Nf3 Rxe5+ 22. Nxe5 Nxd4
0-1